1434 1900 1030 1861 1749 1083 1063 1386 1693 1555 1327 1892 1038 1016 1927 1174 1210 1753 1191 1051 1468 1567 1579 1323 1788 1410 1498 1383 1955 1397 1031 1241 1645 1483 1608 1777 1670 1609 1296 1521 1811 1199 1232 1845 1982 1067 1813 1256 1304 1294 1273 1989 1415 1193 1529 1796 1644 1648 1577 1061 1734 1573 1438 1004 1568 1655 1371 1785 1241 1497 1691 1110 1287 1210 1250 1424 1401 1531 1826 1582 1835 1234 1881 1991 1998 1892 1781 1023 1760 1934 1506 1994 1355 1747 1059 1575 1566 1099 1829 BCNSPRNW ULIB Ver.6.0+V

เปลี่ยนเป็นภาษาไทย

Change to English
 แสดงรายละเอียดบรรณานุกรม
  กลับหน้าหลัก

Brief Record : Get Marc (ISO 2709) : E-mail record : QR code < ปิดหน้าต่าง
LEADER : 00000nam 2200000uu 4500
001    13399112674
003     ULIB
008    110901s2544||||th 000 0 tha d
020    9743890335
050 04 LB1051^bค125ป 2544
245 00 ปฏิรูปการเรียนรู้ ผู้เรียนสำคัญที่สุด /^cคณะอนุกรรมการปฏิรูปการเรียนรู้ของคณะกรรมการศึกษาแห่งชาติ และกระทรวงศึกษาธิการ ; [บรรณาธิการ: สุมน อมรวิวัฒน์]
250    พิมพ์ครั้งที่ 2
260    กรุงเทพฯ :^bสกายบุ๊คส์,^c2544
300    100 หน้า :^bภาพประกอบ, แผนภูมิ ;^c21 ซม
650  7 พระราชบัญญัติการศึกษาแห่งชาติกับการปฏิรูปการเรียนรู้ -- แนวคิด ความหมายและแนวทางการจัดกระบวนการเรียนรู้ที่ผู้เรียนสำคัญที่สุด -- ปฏิรูปการเรียนรู้ : ผลการดำเนินงาน และประสบการณ์จากฝ่ายต่าง ๆ -- บทบาทของผู้มีส่วนร่วมและประโยชน์ที่ทุกฝ่ายจะได้รับ -- ถาม-ตอบปัญหาการปฏิรูปการเรียนรู้
650  7 การเรียนรู้
650  7 การปฏิรูปการเรียนรู้
700 0  สุมน อมรวิวัฒน์
710 2  กระทรวงศึกษาธิการ
945    ^p40^l0^i013080
945    ^p40^l0^i014938
945    ^p40^l0^i014939
995    ทศพร
999 ^a ทศพร
รายการนี้ยังไม่มีแท็ก
คุณยังไม่ได้ล็อกอิน คุณสามารถมีกิจกรรมร่วมกับเว็บไซต์ได้ แต่ต้องล็อกอินก่อน ::
  ล็อกอิน

รายการสื่อสารสนเทศ

ลำดับที่ ประเภท เลขเรียก/บาร์โค้ด สถานที่ สถานะ
- ไม่พบข้อมูล -

รายการใกล้เคียง
    หัวเรื่อง [การเรียนรู้]
    หัวเรื่อง [การปฏิรูปการเรียนรู้]

BibComment


ยังไม่เคยถูกคอมเมนท์

คอมเมนท์ทรัพยากรรายการนี้
  คอมเมนท์: ปฏิรูปการเรียนรู้..


 Copyright 2026. Bcnsprnw @Library